Risks and threats of social networks communication
Získavanie a následná práca s informáciami zo sociálnych sietí. Identifikácia rizík pri neoverenom pôvode informácie. SWOT analýza preberania informácií zo sociálnych sietí.
Uložené v:
| Hlavný autor: | |
|---|---|
| Ďalší autori: | |
| Médium: | Kapitola |
| Jazyk: | English |
| Predmet: | |
| Tagy: |
Žiadne tagy, Buďte prvý, kto otaguje tento záznam!
|
MARC
| LEADER | 00000naa a2200000 4500 | ||
|---|---|---|---|
| 001 | 0197713 | ||
| 005 | 20220715120557.5 | ||
| 041 | 0 | |a eng | |
| 044 | |a SK | ||
| 245 | 1 | 0 | |a Risks and threats of social networks communication |c Jan Zavodny Pospisil, Lucie Sara Zavodna |
| 520 | |a Získavanie a následná práca s informáciami zo sociálnych sietí. Identifikácia rizík pri neoverenom pôvode informácie. SWOT analýza preberania informácií zo sociálnych sietí. | ||
| 610 | 2 | 0 | |a siete sociálne |
| 610 | 2 | 0 | |a informácie |
| 610 | 2 | 0 | |a riziko |
| 610 | 2 | 0 | |a analýza swot |
| 610 | 2 | 0 | |a analýzy |
| 610 | 2 | 0 | |a internet |
| 610 | 2 | 0 | |a médiá sociálne |
| 610 | 2 | 0 | |a študenti |
| 610 | 2 | 0 | |a komunikácia masmediálna |
| 100 | 1 | |a Závodný Pospíšil, Jan | |
| 700 | 1 | |a Závodná, Lucie Sára | |